| 000 | 00924nam a2200205 a 4500 | ||
|---|---|---|---|
| 001 | 000245224 | ||
| 003 | AM-YeHGA | ||
| 005 | 20250618071636.0 | ||
| 008 | 030710s1986 ai 000 | arm d | ||
| 040 | _aAM-YeHGA | ||
| 100 | 1 |
_aԱնդրեև, Լեոնիդ Նիկոլաևիչ _96736 |
|
| 245 | 1 | 0 |
_aԿծանը : _b[Պատմվածք] / _cԼ. Անդրեև; Ռուս. թարգմ.՝ Ա. Մանասյան; Խմբ.՝ Ջ.Մ. Ղազարյան; Նկ.՝ Ս.Ե. Լաճիկյան. |
| 260 |
_aԵրևան : _bՍովետական գրող, _c1986. |
||
| 300 |
_a16 էջ : _bնկ. ; _c23 սմ. |
||
| 650 | 1 | 4 |
_aՌուս մանկական գրականություն _xՊատմվածք |
| 700 | 1 |
_aՄանասյան, Աղավնի _eթարգմ. _4trl |
|
| 700 | 1 |
_aՂազարյան, Ջուլիետա Միհրանի, _d1934- _eխմբ. _4edt _91876 |
|
| 700 | 1 |
_aԼաճիկյան, Սամվել Երվանդի, _d1953- _eնկ. _4art _93582 |
|
| 090 | _c88663 | ||
| 999 |
_c87379 _d87379 |
||